Jalisco es México : el charro, el mariachi y el tequila /

Se indaga en los motivos por los que el tequila, el charro criollo y el mariachi, propios del estado de Jalisco, lograron relevancia mediática y se convirtieron en símbolos representantes de la identidad cultural mexicana, sobre otras formas locales que también pudieron haberse considerado parte de...

Description complète

Enregistré dans:
Détails bibliographiques
Auteur principal: Krauze, Enrique (idea original)
Autres auteurs: Romo, Rubén (producción) (producción), González, Everardo (realización) (realización), Sotelo, Greco (guión) (guión), Sotelo, Greco (investigación) (investigación), Figueroa, Juan Manuel (montaje) (montaje), Stack, Juan (conducción) (conducción)
Format: Diapositive
Langue:espagnol
Collection:(México Nuevo Siglo)
Sujets:
Tags: Ajouter un tag
Pas de tags, Soyez le premier à ajouter un tag!

MARC

LEADER 00000ngm^a2200000^a^4500
001 000438687
005 20250521000000.0
008 220311 2006
009 20260310123252.205
037 |a Acervo ITESO - Biblioteca 
041 |a ESP 
082 |a 972. 071  |b KRA V. 9 
100 |a Krauze, Enrique  |e (idea original) 
240 1 1 |a [México nuevo siglo] 
245 1 0 |a Jalisco es México :  |b el charro, el mariachi y el tequila /  |c Idea original de E. Krauze ; producción de R. Romo ; realización de E. González. 
264 2 |a México :  |b Clío [distribución],  |c 2006 
300 |a 1 DVD región 4 (45 min.) :  |b blanco y negro, color 
336 |a imagen móvil bidimensional  |b tdi  |2 rdacontenido 
337 |a video  |b v  |2 rdamedio 
338 |a videodisco  |b vd  |2 rdasoporte 
440 1 |a (México Nuevo Siglo) 
520 |a Se indaga en los motivos por los que el tequila, el charro criollo y el mariachi, propios del estado de Jalisco, lograron relevancia mediática y se convirtieron en símbolos representantes de la identidad cultural mexicana, sobre otras formas locales que también pudieron haberse considerado parte de la identidad de nuestro país. 
649 |a XX 
650 |a Documentales 
650 |a Series Históricas 
650 |a Series de Televisión 
650 |a Televisión -  |z México -  |y 2000-2009 
650 |a Televisión -  |z México -  |y Siglo XXI 
650 |a Tequila (Bebida) -  |z Jalisco -  |x Historia -  |x Tema Principal 
650 |a Tequila (Bebida) -  |z México -  |x Historia 
650 |a Tequila (Bebida) -  |x Aspectos Sociales y Culturales 
650 |a Mariachi -  |z Jalisco -  |x Historia y Crítica -  |x Tema Principal 
650 |a Mariachi -  |z México -  |x Historia y Crítica 
650 |a Charrería -  |z Jalisco -  |x Historia -  |x Tema Principal 
650 |a Charrería -  |z México -  |x Historia 
650 |a Simbolismo -  |z Jalisco 
650 |a Simbolismo -  |z México 
650 |a Identidad Cultural -  |z Jalisco -  |x Tema Principal 
650 |a Identidad Cultural -  |z México -  |x Tema Principal 
650 |a Cultura Popular -  |z Jalisco -  |x Historia 
650 |a Cultura Popular -  |z México -  |x Historia 
650 |a Jalisco -  |x Historia -  |y Siglo XX 
650 |a México -  |x Historia -  |y Siglo XX 
700 |a Romo, Rubén  |e (producción) 
700 |a González, Everardo  |e (realización) 
700 |a Sotelo, Greco  |e (guión) 
700 |a Sotelo, Greco  |e (investigación) 
700 |a Figueroa, Juan Manuel  |e (montaje) 
700 |a Stack, Juan  |e (conducción) 
910 |a Fondo General 
920 |a Audiovisuales - DVDs 
905 |a 302 
901 |a 0500363956  |b IT2  |c DVS  |i D71194  |u 20250521 
902 |a https://opac.biblio.iteso.mx/vufind/Record/000438687